000 00255nam a2200097Ia 4500
008 200302s9999 xx 000 0 und d
100 _aPadmashri & Others
245 _aTemple Sculptures of India
260 _bMysore State Lalitha Kala Academy
260 _c1971
999 _c2346
_d2346